LEADER 00808nam0-22003011i-450- 001 990001248030403321 035 $a000124803 035 $aFED01000124803 035 $a(Aleph)000124803FED01 035 $a000124803 100 $a20000920d1967----km-y0itay50------ba 101 0 $aeng 200 1 $aConvex polytopes$fBranko Grunbaum 210 $aLondon [etc.]$cInterscience$dc1967 215 $axiv, 456 p.$cill.$d24 cm 225 1 $aPure and applied mathematics$v16 610 0 $aPolitopi convessi 676 $a513.5 700 1$aGrünbaum,$bBranko$f<1929- >$0347675 801 0$aIT$bUNINA$gRICA$2UNIMARC 901 $aBK 912 $a990001248030403321 952 $a26-H-16$b7586$fMA1 959 $aMA1 962 $a52BXX 996 $aConvex polytopes$9146366 997 $aUNINA DB $aING01 LEADER 00989nam0-2200313---450- 001 990009194890403321 005 20100607132541.0 010 $a978-88-95745-22-0 035 $a000919489 035 $aFED01000919489 035 $a(Aleph)000919489FED01 035 $a000919489 100 $a20100607d2009----km-y0itay50------ba 101 0 $aita 102 $aIT 105 $ay-------001yy 200 1 $aAlvise Foscari, capitano in golfo 1676-1678, capitano estraordinario dell galeazze 1690-1692$edispacci$fa cura di Fausto Sartori 210 $aVenezia$cLa Malcontenta$d2009 215 $a106 p.$d24 cm 676 $a945.31 702 1$aSartori,$bFausto 710 01$aVenezia$c$032791 801 0$aIT$bUNINA$gRICA$2UNIMARC 901 $aBK 912 $a990009194890403321 952 $a945.31 SAR 2$bBibl.58527$fFLFBC 959 $aFLFBC 996 $aAlvise Foscari, capitano in golfo 1676-1678, capitano estraordinario dell galeazze 1690-1692$9775311 997 $aUNINA